000 00975nam a22002651u 4500
001 05697
003 HDC
007 cr bn ---
008 210121p xx fo d 00 engg
040 _aHDC
100 _aMICHEAL MUDD
_95991
245 0 _a5th World Halal Research Summit 2012,Kuala Lumpur Convention Centre :
_bSupply Chain Compliance and Regulatory Risk Mitigation /
_cby MICHEAL MUDD
260 _a[No place] :
_b[publisher not identified],
_c2012
300 _a20 pages :
_bIllustrations
336 _atext
_2rdacontent
337 _acomputer
_2rdamedia
338 _aonline resource
_2rdacarrier
650 _aHalal food
_950
650 _aRegulatory Risk Mitigation
_95993
650 _aSupply Chain Compliance
_95992
856 _zRequest full-text at [email protected]
942 _2lcc
942 _cSLIDE
942 _kSLID 000575
999 _c3021
_d3021